| 000 | 00666cam a2200193 i 4500 | ||
|---|---|---|---|
| 005 | 20251215090356.0 | ||
| 008 | 250721s2002 jo gr 000 0 ara d | ||
| 082 | 1 | 4 |
_a216.8 _bع ل ي |
| 100 | 1 |
_aالعلي، إبراهيم محمد _eمؤلف. |
|
| 245 | 1 | 0 |
_aعشاق الحور وطلاب دار السرور : _bمن أعلام الإستشهاديين / _cتأليف ابراهيم العلى. |
| 264 | 3 | 1 |
_c2002. _aعمان : _b[غير معرف]، |
| 300 | _a418 صفحة. | ||
| 650 | 1 | 7 | _aالإسلام. |
| 650 | 1 | 7 | _aالجهاد. |
| 650 | 1 | 7 | _aالجنة. |
| 650 | 1 | 7 | _aالشهداء. |
| 942 |
_2ddc _cBK |
||
| 999 |
_c6368 _d6368 |
||